000 00766nam a22002657a 4500
003 CHAP
005 20220817041222.0
008 971013s1988 r 00010 d
010 _a8957
011 _a9929
035 _a9165
040 _cCHAP
082 _a631.521
_bF4
100 0 0 _aKelly, A. Fenwick.
_962950
245 _aSeed production of agricultural crops
260 _aNew York :
_bJohn Wiley & Sons,
_c1988
300 _a227 p.
_b: ilus
590 _aBATCH-UPD
_b10
_c20130109
_lUCH01
_h2309
590 _aBATCH-UPD
_b10
_c20130110
_lUCH01
_h1836
590 _aCONVERSION
_b10
_c20130109
_lUCH01
_h1306
650 1 4 _aSemillas.
901 _aBK
942 _cLIBRO
949 _a631.521 F4
_bBC
_cLIBRO
_d33724000085726
_eLIBRO
_gI.151500
_h78159
_i9165
_si
_t230.85
999 _c8957
_d8957